000
00216 a2200097 4500
001
57099
100
_a
245
_a
Persia in the great game
260
_a
london
_b
john Murray
_c
2004
090
_c
35029
_d
35029
942
_a
NUST-CAE
_c
MONOGRAPH
_c
27813
999
_c
292172
_d
292172